Culture générale - numéro 20 - Statistiques

Statistiques générales
  • Ce quiz a été pris 215 fois
  • Le résultat moyen est 9 sur 15
Statistiques - réponses
Question Réponse % Correct
Quel est le principal parti politique présent aux USA, en plus des Républicains? Démocrate
91%
En quelle année est commercialisé le tout premier iPhone? 2007
83%
Comment appelle t'on un vers composé de 12 syllabes? Alexandrin
82%
Dans quel pays nordique exista le premier parlement? Islande
75%
Quel acteur joue dans le film Léon ou encore dans la trilogie Les Visiteurs? Jean Reno
74%
Combien de joueurs composent une équipe de football australien? 18
66%
Quel serpent peut être du Cap ou Royal? Cobra
62%
Avec les Maldives, quel autre pays asiatique est traversé par l'Équateur? Indonésie
61%
Quel breuvage est issu de la fermentation d'eau et de miel? Hydromel
58%
Comment s'écrit 2025 en chiffres romains? MMXXV
58%
Quelle marque de cigarettes est la plus vendue au monde? Marlboro
52%
Quel Égyptologue français est reconnu pour le déchiffrage des hiéroglyphes? Champollion
44%
Quelle est la pronvince la plus peuplée au Canada? Ontario
39%
Quelle région russe exclavée est frontalière de la Pologne et de la Lituanie? Kaliningrad
27%
Quelle mer est reliée à la mer Noire par le détroit de Bosphore? Marmara
12%
Aucun quiz correspondant
Distribution des résultats
% des personnes avec chaque résultat
Percentile par nombre de réponses
Votre historique - résultats
Vous n’avez pas pris ce quiz